000 00336 a2200157 4500
001 193072
020 _a978-85-08-11131-2
040 _cMagnum
100 _aJunqueira, Sonia
240 1 0 _aO mistério da lua
_lpor
245 1 0 _aO mistério da lua
300 _a24
362 0 _a2015
697 _aLITERATURA INFANTIL
942 _cBK
999 _c193072
_d193072